000 00678nam a2200229 a 4500
001 60579
003 BD-RjUL
005 20211209080847.0
008 170101s1962 enk b 001 0 eng
035 _a(BD-RjUL)60703
040 _aDLC
_cODaWU
_dOCoLC
_dBD-RjUL
_beng
041 _aeng
082 _a370
_223
_bWIE 1962
100 1 _aWiggin, Gladys Anna,
_d1907-
_9180429
245 1 0 _aEducation and nationalism :
_ban historical interpretation of American education /
_cGladys Anna, Wiggin,
260 _aNew York :
_bMcGraw-Hill,
_cc1962.
300 _a518 p. ;
_c24 cm.
500 _aIncludes index
650 0 _aEducation
_9180430
942 _2ddc
_cBK
999 _c60579
_d60579